000 nam a22 7a 4500
999 _c30524
_d30524
008 190716b xxu||||| |||| 00| 0 eng d
020 _a
050 _aQA276.B4 1988
_b4242
100 _aD.J. Ralfs , C.C Sutherland
245 _aKenya Advanced Mathematics Project
300 _a140pgs
_c29.5cm
440 _aKenya Advanced Mathematics project
650 _2Kenya Advanced Mathematics project
760 _b2 ed.
942 _2lcc
_cBOOKS
_hQA276.B4 1988